Normal view
MARC view
Entry Personal Name
001 - CONTROL NUMBER
- control field: 16033
003 - CONTROL NUMBER IDENTIFIER
- control field: OSt
005 - DATE AND TIME OF LATEST TRANSACTION
- control field: 20211105134008.0
008 - FIXED-LENGTH DATA ELEMENTS
- fixed length control field: 211105|| aca||aabn | a|a d
040 ## - CATALOGING SOURCE
- Original cataloging agency: OSt
- Transcribing agency: OSt
100 ## - HEADING--PERSONAL NAME
- Personal name: Pillinger, C. T., ed
670 ## - SOURCE DATA FOUND
- Source citation: Work cat.: (OSt): Royal Society Discussion Meeting on Diffuse Matter in the Solar System, Comet Halley and Other Studies the Royal Society, London 1986 May 21- 22 16032, Diffuse matter in the solar system, 1987